000 00742nam a2200229 i 4500
008
049 _aMAIN
090 _aDS632.C5POL
245 0 0 _aPolitical thinking of the Indonesian Chinese, 1900-1977 :
_ba sourcebook /
_cedited by Leo Suryadinata.
260 _aSingapore :
_bSingapore University Press,
_cc1979.
300 _axix, 251 p. ;
_c26 cm.
500 _aIncludes index.
650 0 _aChinese
_zIndonesia.
651 0 _aIndonesia
_xPolitics and government
_y20th century.
650 0 _aPolitical science
_zIndonesia.
700 1 _aSuryadinata, Leo.
907 _a.b10213983
_b22-09-06
_c11-09-06
003
005 20230123134244.0
040 _cNUST
942 _cBOOKS
_kDS632.C5POL
999 _c162727
_d162727